| 000 | 02089nam a2200349 c 4500 | ||
|---|---|---|---|
| 003 | BLK | ||
| 005 | 20180420230807.0 | ||
| 008 | 180409b bul|||||r ||||||| ||bul|| | ||
| 010 | _aKNG00117544000 | ||
| 040 | _aBLK | ||
| 041 |
_aBUL _cBUL |
||
| 080 |
_aТехнология на металите. Металообработване. Общи въпроси _b621.7/.9 _x(075.8) _z621.7/.9(075.8) |
||
| 100 | 1 |
_aНиколов, Георги Иванов _eпърви автор _9312445 |
|
| 139 |
_aРъководство за упражнения по технология на машиностроителните материали _bР 97 |
||
| 245 | 1 | 0 |
_aРъководство за упражнения по технология на машиностроителните материали _bЗа студентите от ВТУ А. Кънчев - Русе _cГеорги Иванов Николов. |
| 250 | _a2. изд. | ||
| 257 | _aBGR | ||
| 260 |
_аРусе _bВТУ Ангел Кънчев _c1985 |
||
| 300 |
_a96 с. _bсъс сх., табл., диагр. _c21 см |
||
| 380 | _a62 | ||
| 500 | _aДруги авт.: А. Чернева, Е. Пенева, В. Гагов, П. Петров, М. Трифонов. - Изд. на ВТУ А. Кънчев - Русе. Кат. Металознание и технология на металите. - 1. изд. 1983 със загл. Ръководство за упражнения по технология на металите от същите авт. - 1 000 тир. | ||
| 650 | 4 |
_aМашиностроителни материали - технология - учебници за ВУЗ _9289409 |
|
| 650 | 4 |
_aТехнология на металите - учебници за ВУЗ _9289410 |
|
| 653 | _aмашиностроене | ||
| 653 | _aтехнология на металите | ||
| 653 | _aучебници за ВУЗ | ||
| 852 | _aЦб 140146 | ||
| 856 | 4 |
_qpdf _u |
|
| 856 | 4 |
_qpdf _u |
|
| 942 |
_cKNG _n0 |
||
| 944 |
_aCR _c23.11.2016 _kСевдалина_Василева |
||
| 944 |
_aED _c23.11.2016 _kСевдалина_Василева |
||
| 999 |
_c112181 _d112181 |
||